Impuesto de renta Las grandes falencias del contribuyente

Detalles Bibliográficos
Autor principal: Garca̕ Restrepo, Javier
Formato: eBook
Lenguaje:español
Publicado: Bogot ̀: ECOE, 2009
Materias:
Acceso en línea:http://www.vlex.com/source/6846

MARC

LEADER 00000nam a22000007a 4500
005 20130121154737.0
007 cr|||| ||||
008 130121e2009 ck |||||s|||| 00||0 spa d
020 |a 9586485854 
035 |a 6846 
040 |a vLex 
090 |c 3562  |d 3562 
100 1 0 |a Garca̕ Restrepo, Javier 
245 1 0 |a Impuesto de renta  |b Las grandes falencias del contribuyente  |h [Recurso electrn̤ico] 
256 |a Servicio en ln̕ea 
260 |a Bogot ̀:  |b ECOE,   |c 2009 
300 |a 1 Recurso electrn̤ico 
650 0 4 |a Derecho tributario  |z Colombia 
740 |a vLex Libros (Servicio en ln̕ea) 
856 |a Acceso restringido  |u http://www.vlex.com/source/6846 
942 |c BOOK 
999 0 |a Taxation